00958nam a22002417a 4500008004100000020001500041020001800056040008200074041000800156245016200164250001000326260003700336300001800373490003600391504005300427650003300480650004000513650001700553650003400570700003400604700004200638700003600680130821s2005 sp gr spa  a8420686638 a9788420686639 aCo-BoUCMbspacJavier Garzón (modificó)dAldemar Mondragón (modificó)00aspa13aEl análisis de la realidad social métodos y técnicas de investigaciónccompiladores, Manuel García Ferrando, Jesús Ibáñez y Francisco Alvira a3a ed aMadrid (España)bAlianzac2005 a682 páginas0 aManuales Ciencias Socialesv060 aIncluye referencias bibliográficas e índices04aInvestigación científica04aMetodología de la investigación04aSociología04aSociologíaxInvestigaciones1 aAlvira, Franciscoecompilador1 aGarcía Ferrando, Manuelecompilador1 aIbáñez, Jesúsecompilador